Modelado e impresión 3D del puente Ferroviario del Río Grande para concientizar sobre su valor patrimonial

সংরক্ষণ করুন:
গ্রন্থ-পঞ্জীর বিবরন
প্রধান লেখক: Acuña Cook, Gerardo Alfonso, 1996-
অন্যান্য লেখক: Mata Abdelnour, Erick, 1973- Director del TFG
বিন্যাস: গ্রন্থ
ভাষা:Spanish
প্রকাশিত: [San José], Costa Rica 2022
বিষয়গুলি:
ট্যাগগুলো: ট্যাগ যুক্ত করুন
কোনো ট্যাগ নেই, প্রথমজন হিসাবে ট্যাগ করুন!

MARC

LEADER 00000nam a2200000Ia 4500
003 013544
005 20230412132216.0
008 140114s2022 cr a 000 ||spa d
040 |c cru CEDI 
100 |a Acuña Cook, Gerardo Alfonso, 1996-  |9 365 
245 |a Modelado e impresión 3D del puente Ferroviario del Río Grande para concientizar sobre su valor patrimonial 
260 |a [San José], Costa Rica  |c 2022 
500 |a Proyecto de graduación (licenciatura en ingeniería civil)--Universidad de Costa Rica. Facultad de Ingeniería. Escuela de Ingeniería Civil 
501 |a Director de Proyecto de Graduación: Ing. Erick Mata Abdelnour, PhD. 
650 |x IMPRESION TRIDIMENSIONAL  |x PUENTES FERROVIARIOS - DISEÑO Y CONSTRUCCION  |x PATRIMONIO  |x PUENTES FERROVIARIOS   |x PRESERVACION DEL PATRIMONIO HISTORICO  |x MODELADO TRIDIMENSIONAL  |x PATRIMONIO ARQUITECTONICO - PROTECCION  |x PUENTES FERROVIARIOS - RIO GRANDE (ATENAS, ALAJUELA) 
700 |a Mata Abdelnour, Erick, 1973-  |d Director del TFG   |9 168 
942 |c CEDI  |h TFG 8695  |6 TFG_8695_000000000000000 
999 |c 22047  |d 22047